| 000 | 00522nam a2200181Ia 4500 | ||
|---|---|---|---|
| 008 | 191130s1997##################000#0#eng## | ||
| 020 | _a406894167 | ||
| 040 |
_aACL _cACL |
||
| 082 | _a348.4204 VAN | ||
| 245 |
_aThe all England law reports 1997 _cedited by Caroline vandridge-Ames LLM |
||
| 260 |
_aLondon _bButterworth & Co _c1997 |
||
| 300 | _a1024 p.; 23 cm. | ||
| 650 | _aLaw- Reports | ||
| 700 | _aVandridge Ames, Caroline | ||
| 990 | _a07213ff6ac10000c4a80cc5c663d7e77 | ||
| 991 | _a390286 | ||
| 999 |
_c300794 _d300794 |
||